Morphs of the Animorphs - Statistics

General Stats
  • This quiz has been taken 141 times
  • The average score is 176 of 260
Answer Stats
Jake % Correct
Golden retriever
99%
German shepherd
98%
Irish setter
98%
Poodle
98%
Tiger
98%
Red-tailed hawk
96%
Cat
95%
Grizzly bear
95%
Polar bear
95%
Dolphin
94%
Ant
92%
Hork-Bajir
91%
Hork-Bajir (a Controller)
91%
Horse
91%
Horse (racehorse)
91%
Fly
90%
Wolf
90%
Andalite
89%
Bald eagle
89%
Trout
89%
Elephant
88%
Gorilla
88%
Green anole lizard
88%
Human
88%
Human (himself)
88%
Human (Jake)
88%
Human (National Guard officer)
88%
Human (office worker)
88%
Human (Rachel)
88%
Human (Secret Service agent)
88%
Human (state governor)
88%
Human (Taylor)
88%
Human (US Army soldier)
88%
Human (US Navy officer)
88%
Hammerhead shark
86%
Humpback whale
86%
Sperm whale
86%
Tiger shark
86%
Rat
85%
Peregrine falcon
84%
Yeerk
84%
Taxxon
82%
Cockroach
76%
Giant squid
76%
Mouse
75%
Seagull
74%
Caterpillar/butterfly
73%
Rhinoceros
73%
Crocodile
72%
Eagle
72%
Wolf spider
72%
Bat
70%
Flea
70%
Osprey
69%
Owl
69%
Starfish
69%
Skunk
67%
Termite
67%
Cow
63%
Honeybee
62%
Kangaroo
61%
Cheetah
57%
Lobster
56%
Orca
56%
Raccoon
55%
Cobra
54%
Mosquito
54%
Rabbit
54%
Shrew
54%
Buffalo
52%
Chimpanzee
52%
Howler
51%
Mallard drake
47%
Squirrel
47%
Anteater
46%
Beaver
43%
Leeran
43%
Mole
43%
Anaconda
41%
Parrot
41%
Rattlesnake
40%
Dragonfly
39%
Harrier
38%
Seal
37%
Bull
33%
Eel
31%
Llama
30%
Mountain goat
28%
Cockatiel
15%
Pit viper
12%
Nartec
9%
No matching quizzes found
Score Distribution
Percent of People with Each Score
Percentile by Number Answered
Your Score History
You have not taken this quiz